| 000 | 01437cam a22002054a 4500 | ||
|---|---|---|---|
| 005 | 20250605164106.0 | ||
| 008 | 250528s ||||||||||||||||||||||||d | ||
| 035 | _a17752 | ||
| 020 | _a9789601641959 | ||
| 040 |
_aGR-AtMCL _bgre _dGR-AtMCL _eAACR2 |
||
| 245 | 1 | _aΗ Δεύτερη Γλώσσα / Κατάκτηση και Διδασκαλία | |
| 250 | _a3η | ||
| 260 |
_bΠατάκη, _c2017 |
||
| 300 | _a272 | ||
| 520 | _aΤο βιβλίο αυτό παρουσιάζει τις βασικές θεωρητικές προσεγγίσεις στο ζήτημα της κατάκτησης της δεύτερης γλώσσας, καθώς και την εφαρμογή τους στη γλωσσική διδασκαλία. Πρόλογος, Εισαγωγή, Η Γλώσσα του Μαθητή, Πρώϊμες Θεωρίες, Καθολική Γραμματική, Γνωστικές Προσεγγίσεις, Γλωσσικό Εισαγόμενο και Διεπίδραση, Κοινωνικοί Παράγοντες και Περικείμενο, Θεωρίες Κατάκτησης και Διδακτική Πρακτική, Επίμετρο, Βιβλιογραφία, Απόδοση Ξένων Όρων στα Ελληνικά, Ευρετήριο Ονομάτων και Όρων και Εννοιών. | ||
| 700 | 1 |
_aΜπέλλα Σπυριδούλα _93957 |
|
| 942 | _cBK | ||
| 999 |
_c3153 _d3153 |
||